| 000 | 00421nam a2200181Ia 4500 | ||
|---|---|---|---|
| 001 | 19200 | ||
| 005 | 20260306171726.0 | ||
| 008 | 260306s9999||||xx |||||||||||||| ||und|| | ||
| 041 | _aESP | ||
| 082 |
_a658.8 _bW48 |
||
| 100 |
_aWestwood, John _eAUT |
||
| 245 | 0 | _aPreparar un plan de marketing | |
| 260 | _c2016 | ||
| 300 |
_a171 páginas : _c23 cm. |
||
| 650 | _aGEN | ||
| 654 | _aCAN | ||
| 942 |
_cLIB _dJUS _fJUS _2ddc _n |
||
| 999 |
_c19200 _d19200 |
||